000 00627nam a2200217Ia 4500
005 20250425162512.0
008 250425s9999 xx 000 0 und d
020 _a0827370385
041 _aeng
082 _a621.57
100 _aWHITMAN, WILLIAM C
245 0 _aSTUDY GUIDE/LAB MANUAL TO COMPANY: REFRIGERATION AND AIR CONDIONING TECHNOLOGY: CONCEPTS, PROCEDURES, AND TROUBLESHOOTING TECNIQUES
250 _a13RD ED.
260 _aALBANY
260 _aEstados Unidos
_bDELMAR PUBLISHERS INC.
_c1995
300 _a396
650 _aAIRE ACONDICIONADO
650 _aREFRIGERACION
942 _c01
010 _a78773
999 _c230508
_d230508